XXVIII [i.e. Vigésimo octava] Bienal Colombiana de Arquitectura y Urbanismo 2022 /

Guardat en:
Dades bibliogràfiques
Autor corporatiu: Bienal Colombiana de Arquitectura y Urbanismo ( Sociedad Colombiana de Arquitectos)
Altres autors: Reyes Rojas, Alfredo Manuel (dirección general) (dirección general), Uribe González, Mauricio (dirección editorial) (dirección editorial), Gutiérrez Jaramillo, Jorge Alberto (curaduría) (curaduría), García Ramírez, William (texto) (texto), Solano Dancel, Iván Darío (edición) (edición)
Format: Actes de congresos Llibre
Idioma:espanyol
Matèries:
Etiquetes: Afegir etiqueta
Sense etiquetes, Sigues el primer a etiquetar aquest registre!

MARC

LEADER 00000nam^a2200000^a^4500
001 000577672
005 20250521000000.0
009 20260310132453.959
022 |a 2500-7408 
037 |a Acervo ITESO - Biblioteca 
041 |a ESP 
082 |a 720. 9861  |b BIE 2022 
111 |a Bienal Colombiana de Arquitectura y Urbanismo (  |n 28ª :  |d 2022 :  |c Sociedad Colombiana de Arquitectos) 
240 1 1 |a [Bienal Colombiana de Arquitectura y Urbanismo] 
245 1 0 |a XXVIII [i.e. Vigésimo octava] Bienal Colombiana de Arquitectura y Urbanismo 2022 /  |c Dir. general y presen. de A.M. Reyes Rojas ; dir. editorial de M. Uribe González ; curador J.A. Gutiérrez Jaramillo ; textos de proyectos de W. García Ramírez ; ed. de planos de I.D. Solano Doncel... [et al.] ; tr. por Camilo Roldán. 
264 |a Bogotá, Colombia :  |b Sociedad Colombiana de Arquitectos,  |c 2022, c2022 
300 |a 455 p. 
336 |a texto  |b txt  |2 rdacontenido 
337 |a sin mediación  |b n  |2 rdamedio 
338 |a volumen  |b nc  |2 rdasoporte 
521 |a FIL 2023 DIA 
546 |a Edición bilingüe español-inglés 
649 |a XX 
650 |a Arquitectos Colombianos -  |x Concursos 
650 |a Arquitectos Colombianos -  |x Premios 
650 |a Artistas Colombianos -  |x Concursos 
650 |a Artistas Colombianos -  |x Premios 
650 |a Arquitectura Moderna -  |z Colombia -  |x Historia y Crítica 
650 |a Arquitectura (Tendencias Recientes) -  |z Colombia -  |x Historia y Crítica 
650 |a Arquitectura Colombiana -  |x Concursos -  |x Tema Principal 
650 |a Arquitectura Colombiana -  |x Premios -  |x Tema Principal 
650 |a Arquitectura Colombiana -  |x Historia y Crítica 
650 |a Arquitectura Colombiana -  |y Siglo XXI 
650 |a Arte Moderno -  |z Colombia -  |x Historia y Crítica 
650 |a Arte (Tendencias Recientes) -  |z Colombia -  |x Historia y Crítica 
650 |a Arte Colombiano -  |x Concursos 
650 |a Arte Colombiano -  |x Premios 
650 |a Arte Colombiano -  |x Historia y Crítica 
650 |a Arte Colombiano -  |y Siglo XXI 
700 |a Reyes Rojas, Alfredo Manuel  |e (dirección general) 
700 |a Uribe González, Mauricio  |e (dirección editorial) 
700 |a Gutiérrez Jaramillo, Jorge Alberto  |e (curaduría) 
700 |a García Ramírez, William  |e (texto) 
700 |a Solano Dancel, Iván Darío  |e (edición) 
910 |a Fondo General 
920 |a Impresos - Libros 
930 |a Reserva Especial 
905 |a 103 
901 |a 0500389707  |b IT1  |c REE  |i C183604  |u 20250521 
902 |a https://opac.biblio.iteso.mx/vufind/Record/000577672